01628nam a22003017a 450000500170000001000150001702000410003202000380007303500130011103500170012403700130014103700170015408200160017110000220018724500870020924600270029625000110032326000380033427000420037230000390041450000200045350000670047350506830054065000360122365000260125970000200128570000210130520130731143742.0 aENG-104711 a9781259003882c625.00 (Bppd 650.00) a1259003884c625.00 (Bppd 650.00) aEN-88244 aB-492804-810 bDBAD/PUB bRBC/Venadpl00a005.7562221 aWeinberg, Paul N.10aSQL, the complete reference /cby Paul Weinberg, James Groff [and] Andrew Oppel14aComplete reference SQL a3rd ed aNew DelhibTata McGraw-Hillc2011 a7 West Patel NagarbNew Delhie110001 axxviii, 882 p. :bill. c24cm(pbk) aIncludes index. aOn t.p. of previous ed., James R. Groff's name appeared first.0 aIntroduction -- A quick tour of SQL -- SQL in perspective -- Relational databases -- SQL basics -- Simple queries -- Multitable queries (Joins) -- Summary queries -- Subqueries and query expressions -- Database updates -- Data integrity -- Transaction processing -- Creating a database -- Views -- SQL security -- The system catalog -- Embedded SQL -- Dynamic SQL* -- SQL APIs -- Database processing and stored procedural SQL -- SQL and data warehousing -- SQL and application servers -- SQL Networking and distributed databases -- SQL and objects -- SQL and XML -- Specialty databases -- The future of SQL -- The sample database -- DBMS vendor profiles -- SQL syntax reference. 0aSQL (Computer program language) 0aRelational databases.1 aGroff, James R.1 aOppel, Andrew J.